North East's positive frame of mind (Record no. 81072)

MARC details
000 -LEADER
fixed length control field 00818cab a22001815a 4500
001 - CONTROL NUMBER
control field L146189
008 - FIXED-LENGTH DATA ELEMENTS--GENERAL INFORMATION
fixed length control field 081215e20081119xxkdo f s 000 0 eng d
035 ## - SYSTEM CONTROL NUMBER
System control number (Sirsi) u146189
041 0# - LANGUAGE CODE
Language code of text/sound track or separate title eng
100 1# - MAIN ENTRY--PERSONAL NAME
Personal name Prior, Grant
245 00 - TITLE STATEMENT
Title North East's positive frame of mind
260 ## - PUBLICATION, DISTRIBUTION, ETC.
Date of publication, distribution, etc. 2008
490 ## - SERIES STATEMENT
Series statement Contract Journal
Volume/sequential designation 446 (6701) 19 November 2008, 19-22 (2)
520 ## - SUMMARY, ETC.
Summary, etc. Explains that work is to be won in the North East region, due to major new infrastructure and education projects. Presents this region as the first one to be re-rated by the Construction Skills Network on recruitment predictions in the construction industry. Reports that there are still skill shortages in the region.
651 #4 - SUBJECT ADDED ENTRY--GEOGRAPHIC NAME
Geographic name North East (England)
690 ## - LOCAL SUBJECT ADDED ENTRY--TOPICAL TERM (OCLC, RLIN)
Topical term or geographic name as entry element PROPERTY-COMMERCIAL PROPERTY-COMMERCIAL PROPERTY MARKET
942 ## - ADDED ENTRY ELEMENTS (KOHA)
Suppress in OPAC 0
Holdings
Withdrawn status Lost status Source of classification or shelving scheme Damaged status Not for loan Home library Current library Shelving location Date acquired Total Checkouts Full call number Barcode Date last seen Copy number Price effective from Koha item type
    Dewey Decimal Classification     London London Journal article 15/12/2008   L146189 146189-1001 06/08/2019 1 06/08/2019 Journal article